[Event "XXVI Torneo Abierto de Collado"]
[Site "Collado Villalba"]
[Date "2010.08.25"]
[Round "6"]
[White "Sanchez Delgado, Lidia"]
[Black "Jordana Vargas, Julio"]
[Result "0-1"]
[WhiteElo "2003"]
[BlackElo "1922"]
[PlyCount "70"]
[EventDate "2010.08.20"]
[EventRounds "9"]
[EventCountry "ESP"]

1. e4 Nf6 2. e5 Nd5 3. c4 Nb6 4. d4 d6 5. Nf3 g6 6. h3 Bg7 7. exd6 cxd6 8. Be3
O-O 9. Be2 Nc6 10. O-O e5 11. d5 Ne7 12. Nc3 f5 13. Bg5 h6 14. Bc1 Nd7 15. Ne1
Nf6 16. f4 Nh7 17. Nf3 Qb6+ 18. Kh1 exf4 19. Bxf4 g5 20. Na4 Qd8 21. Be3 g4 22.
Nd4 Ng6 23. Ne6 Bxe6 24. dxe6 Qe7 25. Qd5 Nf6 26. Qxf5 Nh4 27. Qd3 gxh3 28.
gxh3 b5 29. Rg1 Kh8 30. cxb5 Qb7+ 31. Kh2 Nh5 32. Bd4 Rf2+ 33. Bxf2 Be5+ 34.
Bg3 Nxg3 35. Bf3 Nxf3+ 0-1

[Event "XXVI Torneo Abierto de Collado"]
[Site "Collado Villalba"]
[Date "2010.08.25"]
[Round "6"]
[White "Pablos Tenrero, Raquel"]
[Black "Heras Cuencas, Miguel Angel"]
[Result "1/2-1/2"]
[WhiteElo "1868"]
[BlackElo "1978"]
[PlyCount "73"]
[EventDate "2010.08.20"]
[EventRounds "9"]
[EventCountry "ESP"]

1. e4 e5 2. Nf3 Nf6 3. Nc3 Nc6 4. d4 exd4 5. Nxd4 Bb4 6. Nxc6 bxc6 7. Bd3 d5 8.
exd5 cxd5 9. O-O O-O 10. Bg5 c6 11. Qf3 h6 12. Bxf6 Qxf6 13. Qxf6 gxf6 14. Ne2
Bd6 15. Nd4 c5 16. Nf5 Bxf5 17. Bxf5 Rfe8 18. b3 Re5 19. Bd3 Rae8 20. Rfd1 Bc7
21. c4 d4 22. g3 Ba5 23. Kg2 Bc3 24. Rac1 Rb8 25. Rc2 a5 26. Re2 Rbe8 27. Kf3
Kg7 28. Rb1 R5e6 29. g4 Ra8 30. Be4 Rb8 31. Bd3 Reb6 32. Rd1 Re6 33. Rb1 Rh8
34. Rg1 Rd8 35. Rd1 Rxe2 36. Bxe2 Re8 37. Bd3 1/2-1/2

[Event "XXVI Torneo Abierto de Collado"]
[Site "Collado Villalba"]
[Date "2010.08.25"]
[Round "6"]
[White "De Dompablo Fantova, Juan"]
[Black "Ledo Galan, Jose Emilio"]
[Result "0-1"]
[WhiteElo "1767"]
[BlackElo "1977"]
[PlyCount "114"]
[EventDate "2010.08.20"]
[EventRounds "9"]
[EventCountry "ESP"]

1. c4 f5 2. Nf3 Nf6 3. d4 g6 4. Nc3 Bg7 5. g3 O-O 6. Bg2 d6 7. O-O Nc6 8. Bg5
h6 9. Bxf6 Bxf6 10. e4 e5 11. d5 Ne7 12. b4 a5 13. a3 Bd7 14. Qc2 Qe8 15. Nd2
Qf7 16. c5 Bg7 17. Qd3 f4 18. cxd6 cxd6 19. Nb5 Qf6 20. Nc4 Bxb5 21. a4 Bxc4
22. Qxc4 Rac8 23. Qb5 axb4 24. Qxb4 Rc7 25. Bh3 Kh7 26. Qb6 Rc4 27. f3 fxg3 28.
hxg3 Rc3 29. Qxb7 Rxf3 30. Bg2 Rxf1+ 31. Rxf1 Qg5 32. Rxf8 Bxf8 33. Qb8 Bg7 34.
a5 Ng8 35. a6 Nf6 36. Qc8 Ng4 37. Qc3 Qe7 38. Bf3 Qa7+ 39. Kh1 Nf2+ 40. Kg2
Nxe4 41. Bxe4 Qxa6 42. Qc2 Qb7 43. Bxg6+ Kh8 44. Qc6 Qe7 45. Qc8+ Bf8 46. Qe6
Qxe6 47. dxe6 d5 48. Kf3 Kg7 49. Bf7 Kf6 50. g4 e4+ 51. Kf4 Bd6+ 52. Ke3 Ke5
53. Kd2 d4 54. Ke2 d3+ 55. Kd1 e3 56. e7 Bxe7 57. g5 e2+ 0-1

[Event "XXVI Torneo Abierto de Collado"]
[Site "Collado Villalba"]
[Date "2010.08.25"]
[Round "6"]
[White "Ananian, Arman"]
[Black "Perez Cameselle, Francisco"]
[Result "1/2-1/2"]
[WhiteElo "1763"]
[BlackElo "1974"]
[PlyCount "90"]
[EventDate "2010.08.20"]
[EventRounds "9"]
[EventCountry "ESP"]

1. e4 e6 2. d4 d5 3. Nc3 Nf6 4. e5 Nfd7 5. f4 c5 6. Nf3 Nc6 7. Be3 cxd4 8. Nxd4
Be7 9. Qd2 O-O 10. O-O-O Nxd4 11. Bxd4 f6 12. Kb1 fxe5 13. fxe5 a6 14. Bd3 Nc5
15. Be2 b5 16. a3 Qc7 17. h4 Bd7 18. h5 Rab8 19. Rh3 a5 20. Rg3 b4 21. Qh6 Rf7
22. axb4 axb4 23. Na2 Kh8 24. Qc1 Ne4 25. Rf3 Rxf3 26. Bxf3 Bg5 27. Be3 Bxe3
28. Qxe3 Qc5 29. Qxc5 Nxc5 30. b3 Be8 31. Rd4 Nd7 32. Nxb4 Nxe5 33. Be2 h6 34.
Na6 Rb6 35. Nc5 Kg8 36. Na4 Rb8 37. Kc1 Nd7 38. Kd2 Nf6 39. Rh4 Kf8 40. Nc5 Ke7
41. Rh3 Kd6 42. Nd3 e5 43. g4 Bd7 44. Nf2 Rb4 45. Rg3 d4 1/2-1/2

[Event "XXVI Torneo Abierto de Collado"]
[Site "Collado Villalba"]
[Date "2010.08.25"]
[Round "6"]
[White "Cano Cabanillas, Javier"]
[Black "Alvarez Carbajales, Fermin"]
[Result "1-0"]
[WhiteElo "1955"]
[BlackElo "1915"]
[PlyCount "71"]
[EventDate "2010.08.20"]
[EventRounds "9"]
[EventCountry "ESP"]

1. e4 Nf6 2. e5 Nd5 3. d4 d6 4. c4 Nb6 5. exd6 exd6 6. Nc3 Be7 7. Qf3 Nc6 8.
Be3 O-O 9. h4 Be6 10. b3 d5 11. c5 Nc8 12. Nh3 Bf6 13. Rd1 Re8 14. Be2 Nb4 15.
Rd2 c6 16. Kf1 Qa5 17. Bg5 Be7 18. Bxe7 Nxe7 19. Ng5 b6 20. Qh5 h6 21. Nxe6
fxe6 22. Bg4 Nf5 23. Rh3 Rf8 24. Re2 Rf6 25. Bxf5 Rxf5 26. Qg4 Raf8 27. Rg3
R5f7 28. Rxe6 Qa6+ 29. Kg1 Qb7 30. Rxh6 Rf5 31. Qg6 R8f7 32. Qh7+ Kf8 33. Qh8+
Ke7 34. Re3+ Kd7 35. Rd6+ Kc7 36. Qd8# 1-0

[Event "XXVI Torneo Abierto de Collado"]
[Site "Collado Villalba"]
[Date "2010.08.25"]
[Round "6"]
[White "Barahona Torrijos, Angel"]
[Black "Pardo Robles, Jose Manuel"]
[Result "1-0"]
[WhiteElo "1927"]
[BlackElo "1874"]
[PlyCount "119"]
[EventDate "2010.08.20"]
[EventRounds "9"]
[EventCountry "ESP"]

1. d4 Nf6 2. Nf3 g6 3. Bg5 Bg7 4. Nbd2 d5 5. e3 h6 6. Bh4 g5 7. Bg3 Bf5 8. c4
c6 9. Qb3 Qb6 10. Qxb6 axb6 11. a3 O-O 12. cxd5 cxd5 13. Rc1 Na6 14. Bb5 Rfc8
15. O-O Bd7 16. Bd3 Nh5 17. Ne5 Bxe5 18. Bxe5 f6 19. Bg3 Nxg3 20. hxg3 Rc6 21.
e4 Nc7 22. f4 Rc8 23. Rxc6 bxc6 24. b4 dxe4 25. Nxe4 Kg7 26. Nc3 Nd5 27. Rc1
Nxc3 28. Rxc3 Rd8 29. Be4 Rc8 30. a4 f5 31. Bc2 Kf6 32. Bb3 e6 33. Bd1 Ke7 34.
fxg5 hxg5 35. g4 Kd6 36. Bf3 Ra8 37. Ra3 Ra7 38. a5 bxa5 39. bxa5 e5 40. dxe5+
Kxe5 41. a6 fxg4 42. Be2 c5 43. Kf2 Bc8 44. Kg3 Kd4 45. Rd3+ Ke4 46. Rd6 Ke5
47. Rc6 Bd7 48. Rxc5+ Kf6 49. Rd5 Bc8 50. Rd6+ Ke5 51. Rg6 Kd4 52. Rxg5 Ke3 53.
Re5+ Kd4 54. Ra5 Ra8 55. a7 Bd7 56. Bxg4 Bxg4 57. Kxg4 Rg8+ 58. Kf4 Rf8+ 59.
Rf5 Ra8 60. Rf7 1-0

[Event "XXVI Torneo Abierto de Collado"]
[Site "Collado Villalba"]
[Date "2010.08.25"]
[Round "6"]
[White "Velasco Garcia, Jorge Juan"]
[Black "***Menendez Solar, Jose Carlos"]
[Result "1-0"]
[WhiteElo "1910"]
[BlackElo "1865"]
[PlyCount "87"]
[EventDate "2010.08.20"]
[EventRounds "9"]
[EventCountry "ESP"]

1. d4 c6 2. c4 f5 3. Nc3 Nf6 4. g3 d6 5. Bg2 Qc7 6. e4 e5 7. Nge2 fxe4 8. Nxe4
Nxe4 9. Bxe4 Nd7 10. Nc3 Nf6 11. Bg2 Bf5 12. d5 Be7 13. dxc6 bxc6 14. Nb5 cxb5
15. Bxa8 Qxc4 16. b3 Qc3+ 17. Bd2 Qd3 18. Bc6+ Kf7 19. Qe2 Rb8 20. Bf3 Qd4 21.
Rc1 e4 22. Bg2 Nd5 23. O-O Qb2 24. Bxe4 Bxe4 25. Qxe4 Qxd2 26. Rfe1 Qg5 27.
Qe6+ Kf8 28. h4 Qh5 29. Rcd1 Qf7 30. Rxd5 Qxe6 31. Rxe6 a6 32. Rf5+ Ke8 33. Kg2
Kd7 34. Re2 Bf6 35. Kf3 Rf8 36. Ke4 Re8+ 37. Kd3 Rxe2 38. Kxe2 Ke6 39. Rh5 h6
40. Kd3 d5 41. f4 Kd6 42. g4 Kc5 43. g5 hxg5 44. fxg5 1-0

[Event "XXVI Torneo Abierto de Collado"]
[Site "Collado Villalba"]
[Date "2010.08.25"]
[Round "6"]
[White "Marcos Herrero, Francisco"]
[Black "Arias Castanedo, Jacinto"]
[Result "1-0"]
[WhiteElo "1880"]
[BlackElo "2018"]
[PlyCount "101"]
[EventDate "2010.08.20"]
[EventRounds "9"]
[EventCountry "ESP"]

1. d4 Nf6 2. Nf3 d5 3. g3 e6 4. Bg2 Be7 5. O-O O-O 6. c4 Nbd7 7. Nc3 dxc4 8. e4
Nb6 9. a4 a5 10. Qc2 Bd7 11. Ne5 Qc8 12. Bg5 h6 13. Be3 Rd8 14. Rfd1 Be8 15.
Bh3 Nfd7 16. Nf3 Bf6 17. e5 Be7 18. d5 Nc5 19. Bxc5 Bxc5 20. dxe6 Rxd1+ 21.
Rxd1 fxe6 22. Nd4 Bf7 23. Nce2 Qe8 24. Nf4 Bxd4 25. Rxd4 Qxa4 26. Qd2 Qe8 27.
Bg2 c6 28. Be4 a4 29. Bb1 g6 30. Nh5 Qf8 31. Nf6+ Kh8 32. Rh4 h5 33. Qg5 Qg7
34. g4 Rd8 35. Bxg6 Rd1+ 36. Kg2 Bxg6 37. Rxh5+ Bh7 38. Rxh7+ Qxh7 39. Nxh7
Kxh7 40. Qh5+ Kg7 41. g5 Rd7 42. Qh6+ Kf7 43. Qf6+ Kg8 44. Qxe6+ Kf8 45. Qf6+
Ke8 46. e6 Rc7 47. g6 Nd5 48. Qh8+ Ke7 49. g7 Nf6 50. g8=Q Nxg8 51. Qxg8 1-0

[Event "XXVI Torneo Abierto de Collado"]
[Site "Collado Villalba"]
[Date "2010.08.25"]
[Round "6"]
[White "Ojosnegros Martin, Angel"]
[Black "Gal, Eugen"]
[Result "0-1"]
[WhiteElo "1408"]
[BlackElo "1934"]
[PlyCount "76"]
[EventDate "2010.08.20"]
[EventRounds "9"]
[EventCountry "ESP"]

1. c4 Nf6 2. Nc3 c6 3. g3 g6 4. Bg2 d5 5. cxd5 cxd5 6. Nf3 Bg7 7. d4 O-O 8. O-O
Nc6 9. Bf4 Nh5 10. Be3 a6 11. Qd2 b5 12. a3 Na5 13. Qd1 Bb7 14. Rb1 Rc8 15. Ne1
Nc4 16. Bd2 Bxd4 17. Bh6 Bxc3 18. bxc3 Re8 19. Nc2 e6 20. Bf3 Ng7 21. Bxg7 Kxg7
22. Re1 Nb6 23. Rb3 Na4 24. Qd4+ Kg8 25. Qe3 Qc7 26. Rc1 Qc4 27. Na1 a5 28. Kg2
e5 29. Qa7 Nc5 30. Rb2 e4 31. Bg4 f5 32. Bh3 d4 33. Qxa5 Nd3 34. exd3 exd3+ 35.
Kg1 dxc3 36. Rxb5 d2 37. Rbb1 dxc1=Q+ 38. Rxc1 Qe4 0-1

[Event "XXVI Torneo Abierto de Collado"]
[Site "Collado Villalba"]
[Date "2010.08.25"]
[Round "6"]
[White "Martin-Consuegra Barrilero, Jav"]
[Black "Aguado Rodriguez, Guillermo"]
[Result "1-0"]
[WhiteElo "1917"]
[BlackElo "1845"]
[PlyCount "69"]
[EventDate "2010.08.20"]
[EventRounds "9"]
[EventCountry "ESP"]

1. d4 Nf6 2. Bf4 e6 3. e3 Be7 4. Bd3 O-O 5. Nd2 d5 6. Ngf3 Nbd7 7. Ne5 Nxe5 8.
dxe5 Nd7 9. c3 c5 10. Qh5 f5 11. g4 g6 12. Qh6 Rf7 13. gxf5 gxf5 14. Rg1+ Kh8
15. Qxe6 Qe8 16. Qxd5 Nb6 17. Qb3 Bf8 18. Bb5 Qe6 19. Nc4 Nd5 20. Nd6 Bxd6 21.
Bc4 Rg7 22. O-O-O Bxe5 23. Bxd5 Qf6 24. Rxg7 Qxg7 25. Bf7 Bf6 26. Qd5 h6 27. h4
a5 28. Bh2 f4 29. Rg1 Bg4 30. f3 fxe3 31. Rxg4 e2 32. Bg3 Rd8 33. Qxd8+ Bxd8
34. Rxg7 Kxg7 35. Bc4 1-0

[Event "XXVI Torneo Abierto de Collado"]
[Site "Collado Villalba"]
[Date "2010.08.25"]
[Round "6"]
[White "Herrero Corada, Jose Ignacio"]
[Black "Valenzuela Canovas, Gabriel"]
[Result "1-0"]
[WhiteElo "1891"]
[BlackElo "1830"]
[PlyCount "97"]
[EventDate "2010.08.20"]
[EventRounds "9"]
[EventCountry "ESP"]

1. e4 c5 2. d4 cxd4 3. Nf3 d6 4. c3 Nf6 5. e5 Nd5 6. exd6 e6 7. c4 Nf6 8. Nxd4
Bxd6 9. Nc3 Bd7 10. Nf5 Bf8 11. Nd6+ Bxd6 12. Qxd6 Bc6 13. Qxd8+ Kxd8 14. b4 b6
15. Bb2 Nbd7 16. O-O-O Kc7 17. f3 Rhd8 18. Bd3 a5 19. b5 Bb7 20. Na4 Rac8 21.
Be2 Kb8 22. Bxf6 gxf6 23. Rxd7 Rxd7 24. Nxb6 Rdc7 25. Nxc8 Rxc8 26. Kd2 Ka7 27.
Rc1 Rc5 28. Rc3 Kb6 29. Ke3 Re5+ 30. Kf2 Rc5 31. Re3 Ba8 32. Bd3 Bb7 33. f4 a4
34. Rh3 h5 35. Be2 Rf5 36. Ke3 Bxg2 37. Rxh5 Rxh5 38. Bxh5 Kc5 39. Kd3 Bf1+ 40.
Be2 Bh3 41. a3 Bf5+ 42. Ke3 e5 43. h4 e4 44. h5 Bh7 45. h6 f5 46. Bd1 f6 47.
Bxa4 Bg8 48. Bb3 Bh7 49. Ba2 1-0

[Event "XXVI Torneo Abierto de Collado"]
[Site "Collado Villalba"]
[Date "2010.08.25"]
[Round "6"]
[White "Garcia-Sanchez Navarro, Mariano"]
[Black "Aziz Ortego, Omar Luis"]
[Result "0-1"]
[WhiteElo "1606"]
[BlackElo "2088"]
[PlyCount "46"]
[EventDate "2010.08.20"]
[EventRounds "9"]
[EventCountry "ESP"]

1. e4 e6 2. Bc4 d5 3. exd5 exd5 4. Be2 Bd6 5. d4 Ne7 6. Nf3 O-O 7. Nc3 c6 8.
O-O Nd7 9. Bd3 Qc7 10. Bxh7+ Kxh7 11. Ng5+ Kg8 12. f4 Nf6 13. Ne2 Nf5 14. Ng3
b6 15. Qd3 Nxd4 16. c3 Ne6 17. h4 Nxf4 18. Bxf4 Bxf4 19. Rxf4 Qxf4 20. Rf1 Qxh4
21. Qe3 Ng4 22. Nf3 Qxg3 23. Qg5 Ba6 0-1

[Event "XXVI Torneo Abierto de Collado"]
[Site "Collado Villalba"]
[Date "2010.08.25"]
[Round "6"]
[White "Fernandez Gil, Ruben Carlos"]
[Black "Perez Ortego, Alberto"]
[Result "1/2-1/2"]
[WhiteElo "1721"]
[BlackElo "1589"]
[PlyCount "68"]
[EventDate "2010.08.20"]
[EventRounds "9"]
[EventCountry "ESP"]

1. e4 e5 2. Nf3 Nf6 3. Nxe5 d6 4. Nf3 Nxe4 5. d3 Nf6 6. Nc3 c6 7. Be2 Be7 8.
O-O O-O 9. d4 Qc7 10. Qd3 b6 11. Re1 h6 12. b3 Be6 13. Bb2 Nbd7 14. Ne4 d5 15.
Ng3 Bd6 16. c4 Rfe8 17. a3 a5 18. Nf5 Bxf5 19. Qxf5 Re7 20. Bd3 Rae8 21. Rxe7
Rxe7 22. cxd5 cxd5 23. Rc1 Qb7 24. g3 Ne4 25. Bb5 g6 26. Qh3 Kg7 27. Bc6 Qa6
28. Qf1 Qxf1+ 29. Kxf1 Ndf6 30. h3 g5 31. g4 Bf4 32. Rc2 Re6 33. Bb5 h5 34.
gxh5 Nxh5 1/2-1/2

[Event "XXVI Torneo Abierto de Collado"]
[Site "Collado Villalba"]
[Date "2010.08.25"]
[Round "6"]
[White "Gonzalo Gonzalez, Francisco"]
[Black "Perez Pascual, Arturo"]
[Result "0-1"]
[WhiteElo "1780"]
[BlackElo "1999"]
[PlyCount "94"]
[EventDate "2010.08.20"]
[EventRounds "9"]
[EventCountry "ESP"]

1. e4 e5 2. Nf3 Nf6 3. Nc3 Bb4 4. d3 d5 5. Bd2 O-O 6. Nxe5 Re8 7. f4 dxe4 8.
Nxe4 Nxe4 9. dxe4 Qd4 10. c3 Qxe4+ 11. Qe2 Qxe2+ 12. Bxe2 Bd6 13. O-O-O Nd7 14.
Bb5 c6 15. Bc4 Nxe5 16. fxe5 Bxe5 17. Rde1 Bd7 18. Re3 Bf6 19. Rf3 b5 20. Bd3
c5 21. h4 c4 22. Bc2 Re2 23. Bg5 Be5 24. Re3 Rxe3 25. Bxe3 Bc6 26. Rg1 Bg3 27.
h5 a6 28. h6 Re8 29. Kd2 g6 30. Bd1 Rd8+ 31. Kc1 Rd3 32. Bd2 f5 33. Be2 Rd6 34.
Bf3 Bxf3 35. gxf3 f4 36. Kd1 Kf7 37. Ke2 g5 38. Rh1 Kg6 39. b3 Re6+ 40. Kd1 g4
41. fxg4 Kg5 42. bxc4 bxc4 43. Rh5+ Kxg4 44. Rc5 Kh3 45. Rxc4 f3 46. Rc5 f2 47.
Rh5+ Kg2 0-1

[Event "XXVI Torneo Abierto de Collado"]
[Site "Collado Villalba"]
[Date "2010.08.26"]
[Round "7"]
[White "Guerra Mendez, Jose Angel"]
[Black "Iturrizaga, Eduardo"]
[Result "0-1"]
[WhiteElo "2480"]
[BlackElo "2614"]
[PlyCount "90"]
[EventDate "2010.08.20"]
[EventRounds "9"]
[EventCountry "ESP"]

1. e4 c5 2. Nf3 Nc6 3. d4 cxd4 4. Nxd4 e6 5. Nc3 Qc7 6. Be3 a6 7. Qd2 Nf6 8.
O-O-O Be7 9. f3 h5 10. Nxc6 bxc6 11. Bf4 e5 12. Bg5 d6 13. Bc4 Be6 14. Bb3 Rd8
15. h3 Bxb3 16. axb3 h4 17. Kb1 Nh5 18. Bxe7 Qxe7 19. Qf2 Rb8 20. Rd2 O-O 21.
Rhd1 Rfd8 22. Qf1 a5 23. Qc4 Rbc8 24. Qa4 Qc7 25. Ne2 Nf6 26. c4 Nd7 27. b4
axb4 28. Rxd6 Nc5 29. Rxd8+ Rxd8 30. Rxd8+ Qxd8 31. Qxb4 Qd1+ 32. Ka2 Nd3 33.
Qb8+ Kh7 34. Nc3 Qc2 35. c5 Qxg2 36. Ka3 Qf2 37. Qb6 Qxc5+ 38. Qxc5 Nxc5 39.
Nd1 Kg6 40. Kb4 Ne6 41. Nf2 Kg5 42. Nd3 f6 43. Kc4 Nf4 44. Nf2 Ne2 45. Kc5 Kf4
0-1

[Event "XXVI Torneo Abierto de Collado"]
[Site "Collado Villalba"]
[Date "2010.08.26"]
[Round "7"]
[White "Gomez Garrido, Camilo"]
[Black "Starostits, Ilmars"]
[Result "1/2-1/2"]
[WhiteElo "2499"]
[BlackElo "2486"]
[PlyCount "47"]
[EventDate "2010.08.20"]
[EventRounds "9"]
[EventCountry "ESP"]

1. d4 d5 2. c4 Nc6 3. cxd5 Qxd5 4. e3 e5 5. Nc3 Bb4 6. Bd2 Bxc3 7. bxc3 exd4 8.
cxd4 Nge7 9. Nf3 O-O 10. Be2 Bf5 11. O-O Qd6 12. Qb3 b6 13. Rfc1 Be4 14. Ng5
Bd5 15. Bc4 h6 16. Bxd5 Nxd5 17. Nf3 f5 18. Rc2 Kh7 19. Rac1 Nce7 20. Ne5 a5
21. Qd3 Rad8 22. f4 Kg8 23. Qb3 Kh7 24. Qd3 1/2-1/2

[Event "XXVI Torneo Abierto de Collado"]
[Site "Collado Villalba"]
[Date "2010.08.26"]
[Round "7"]
[White "Moreno Ruiz, Javier"]
[Black "Vazquez Igarza, Renier"]
[Result "1/2-1/2"]
[WhiteElo "2494"]
[BlackElo "2527"]
[PlyCount "85"]
[EventDate "2010.08.20"]
[EventRounds "9"]
[EventCountry "ESP"]

1. c4 Nf6 2. g3 c6 3. Bg2 d5 4. Nf3 Bg4 5. Ne5 Be6 6. cxd5 Bxd5 7. Nf3 c5 8.
Nc3 Bc6 9. O-O e6 10. d4 Nbd7 11. Be3 a6 12. Rc1 Rc8 13. dxc5 Bxc5 14. Bxc5
Nxc5 15. Qxd8+ Kxd8 16. b4 Ncd7 17. a4 Ke7 18. b5 axb5 19. axb5 Bd5 20. Nxd5+
Nxd5 21. Nd4 N7b6 22. Nb3 Rxc1 23. Rxc1 Rc8 24. Ra1 Ra8 25. Rxa8 Nxa8 26. Na5
b6 27. Nc4 Nac7 28. f4 Nxb5 29. Bxd5 exd5 30. Nxb6 Nc3 31. Kf2 Kd6 32. Ke3 Kc6
33. Nc8 g6 34. Ne7+ Kd6 35. Nc8+ Kc5 36. g4 f6 37. h4 Kc6 38. f5 gxf5 39. Ne7+
Kd6 40. Nxf5+ Ke5 41. Ne7 d4+ 42. Kf3 Ke6 43. Nc6 1/2-1/2

[Event "XXVI Torneo Abierto de Collado"]
[Site "Collado Villalba"]
[Date "2010.08.26"]
[Round "7"]
[White "Samolins, Vitalijs"]
[Black "Roa Alonso, Santiago"]
[Result "1-0"]
[WhiteElo "2408"]
[BlackElo "2454"]
[PlyCount "63"]
[EventDate "2010.08.20"]
[EventRounds "9"]
[EventCountry "ESP"]

1. e4 c5 2. Nc3 d6 3. g3 Nc6 4. Bg2 g6 5. d3 Bg7 6. f4 f5 7. Nf3 Nf6 8. O-O O-O
9. Be3 b6 10. h3 Bb7 11. exf5 gxf5 12. d4 cxd4 13. Nxd4 Qd7 14. Qd3 Nxd4 15.
Bxb7 Qxb7 16. Bxd4 Qd7 17. Rad1 Rac8 18. Rfe1 Rf7 19. Bxf6 Bxf6 20. Nd5 Bg7 21.
b3 e6 22. Ne3 d5 23. c4 d4 24. Nc2 b5 25. cxb5 Qb7 26. Qe2 e5 27. fxe5 Bxe5 28.
Rd3 Re7 29. Qd2 Qd5 30. Na3 Rce8 31. Qg5+ Rg7 32. Qxf5 1-0

[Event "XXVI Torneo Abierto de Collado"]
[Site "Collado Villalba"]
[Date "2010.08.26"]
[Round "7"]
[White "Gomez Ledo, Roberto Carlos"]
[Black "Longa Yauca, Javier"]
[Result "1/2-1/2"]
[WhiteElo "2445"]
[BlackElo "2285"]
[PlyCount "55"]
[EventDate "2010.08.20"]
[EventRounds "9"]
[EventCountry "ESP"]

1. d4 d5 2. c4 c6 3. e3 Nf6 4. Nf3 g6 5. Nc3 Bg7 6. Be2 O-O 7. O-O b6 8. cxd5
Nxd5 9. Bd2 Bb7 10. Qb3 Nd7 11. Nxd5 cxd5 12. Rfc1 Nf6 13. Rc2 a5 14. Rac1 Qd6
15. Rc7 Rfb8 16. Bb5 Bf8 17. Rxb7 Rxb7 18. Bc6 Rbb8 19. Bxa8 Rxa8 20. Qb5 Rb8
21. Ne5 e6 22. f3 Kg7 23. Be1 Qd8 24. Qc6 Be7 25. Bh4 Ne8 26. Bxe7 Qxe7 27. a3
Rb7 28. Qc3 1/2-1/2

[Event "XXVI Torneo Abierto de Collado"]
[Site "Collado Villalba"]
[Date "2010.08.26"]
[Round "7"]
[White "Vega Gomez, Francisco B"]
[Black "Kovacevic, Slobodan"]
[Result "0-1"]
[WhiteElo "2229"]
[BlackElo "2392"]
[PlyCount "62"]
[EventDate "2010.08.20"]
[EventRounds "9"]
[EventCountry "ESP"]

1. Nf3 c5 2. c4 Nf6 3. Nc3 e6 4. g3 b6 5. Bg2 Bb7 6. O-O a6 7. Re1 d6 8. e4
Nbd7 9. d4 cxd4 10. Nxd4 Qc7 11. b3 Be7 12. Nd5 exd5 13. exd5 Kf8 14. Nf5 Re8
15. Bh6 gxh6 16. Qd2 Ng8 17. Nxh6 Bf6 18. Qf4 Rxe1+ 19. Rxe1 Nxh6 20. Qxh6+ Bg7
21. Qh4 Ne5 22. f4 Ng6 23. Qh5 Bc8 24. h4 a5 25. Qe2 Bd4+ 26. Kh2 Qe7 27. Qf1
Qf6 28. h5 Ne7 29. Qe2 Rg8 30. Bf3 h6 31. Kg2 Nf5 0-1

[Event "XXVI Torneo Abierto de Collado"]
[Site "Collado Villalba"]
[Date "2010.08.26"]
[Round "7"]
[White "Semprun Martinez, Fernando"]
[Black "Perez Gonzalez, Jose Manuel"]
[Result "1-0"]
[WhiteElo "2159"]
[BlackElo "2324"]
[PlyCount "107"]
[EventDate "2010.08.20"]
[EventRounds "9"]
[EventCountry "ESP"]

1. e4 d6 2. d4 Nf6 3. Nc3 g6 4. f4 Bg7 5. Nf3 O-O 6. Bd3 Na6 7. O-O c5 8. d5
Bg4 9. Bc4 Nc7 10. a4 a6 11. Qe1 Bxf3 12. Rxf3 Rb8 13. a5 b5 14. axb6 Rxb6 15.
Qe2 Qd7 16. Nd1 e6 17. dxe6 fxe6 18. e5 dxe5 19. fxe5 Qd4+ 20. Nf2 Nd7 21.
Rxf8+ Bxf8 22. Bxa6 Nxe5 23. c3 Qd5 24. Bf4 Rxa6 25. Rxa6 Nxa6 26. Bxe5 c4 27.
Ng4 Bc5+ 28. Kf1 Kf7 29. Nf6 Qd3 30. g4 Qb1+ 31. Kg2 Qg1+ 32. Kh3 Qe3+ 33. Qxe3
Bxe3 34. Ne4 Nc5 35. Nd6+ Ke7 36. Nxc4 Nd3 37. Nxe3 Nxe5 38. g5 Nf3 39. Kg4
Ne5+ 40. Kg3 Kd6 41. b4 Nd3 42. Kf3 Ke5 43. h4 Nc1 44. c4 Kd4 45. b5 Nd3 46. b6
Nc5 47. Ng4 e5 48. Nf6 Kxc4 49. Nxh7 Kd3 50. Nf6 Kd4 51. h5 gxh5 52. g6 e4+ 53.
Nxe4 Nd7 54. g7 1-0

[Event "XXVI Torneo Abierto de Collado"]
[Site "Collado Villalba"]
[Date "2010.08.27"]
[Round "8"]
[White "Iturrizaga, Eduardo"]
[Black "Gomez Garrido, Camilo"]
[Result "1-0"]
[WhiteElo "2614"]
[BlackElo "2499"]
[PlyCount "119"]
[EventDate "2010.08.20"]
[EventRounds "9"]
[EventCountry "ESP"]

1. d4 d5 2. c4 c6 3. Nf3 Nf6 4. e3 a6 5. Bd3 Bg4 6. Nbd2 e6 7. O-O Nbd7 8. Qc2
Bd6 9. b3 O-O 10. Bb2 Qb8 11. h3 Bh5 12. Ng5 Bg6 13. Bxg6 hxg6 14. Ndf3 Nh7 15.
Nxh7 Kxh7 16. e4 dxe4 17. Qxe4 Re8 18. Rfe1 Be7 19. d5 exd5 20. cxd5 Bf6 21.
Qxe8 Qxe8 22. Rxe8 Rxe8 23. dxc6 bxc6 24. Rd1 Nf8 25. Bxf6 gxf6 26. Rc1 Rc8 27.
Nd2 Ne6 28. Ne4 f5 29. Nc5 Nxc5 30. Rxc5 Kg7 31. f4 Kf6 32. Ra5 Ra8 33. Kf2 Ke6
34. g4 fxg4 35. hxg4 Kd6 36. b4 f6 37. a3 Kc7 38. Kf3 Kb6 39. g5 f5 40. Re5 a5
41. Re6 axb4 42. axb4 Ra3+ 43. Kf2 Ra2+ 44. Ke3 Ra3+ 45. Kd4 Rf3 46. Ke5 Re3+
47. Kf6 Re4 48. Re5 Rxb4 49. Kxg6 Rxf4 50. Kf6 Ra4 51. g6 c5 52. g7 Ra8 53.
Rxf5 Kb5 54. Kg6 Rg8 55. Rf8 Rxg7+ 56. Kxg7 Kc4 57. Kf6 Kd4 58. Kf5 c4 59. Kf4
Kd3 60. Kf3 1-0

[Event "XXVI Torneo Abierto de Collado"]
[Site "Collado Villalba"]
[Date "2010.08.27"]
[Round "8"]
[White "Guerra Mendez, Jose Angel"]
[Black "Samolins, Vitalijs"]
[Result "1-0"]
[WhiteElo "2480"]
[BlackElo "2408"]
[PlyCount "91"]
[EventDate "2010.08.20"]
[EventRounds "9"]
[EventCountry "ESP"]

1. e4 e5 2. Nf3 Nc6 3. Bb5 g6 4. c3 a6 5. Bc4 Bg7 6. d4 d6 7. O-O Qe7 8. dxe5
Nxe5 9. Nxe5 dxe5 10. Be3 Nf6 11. f3 O-O 12. Nd2 b6 13. a4 Rd8 14. b4 a5 15.
Qb3 Bf8 16. b5 Bg7 17. Rad1 Bb7 18. Qc2 Rd7 19. Nb3 Rad8 20. Rxd7 Rxd7 21. Be2
Qe6 22. c4 c5 23. bxc6 Bxc6 24. Ra1 Ra7 25. c5 bxc5 26. Qxc5 Qxb3 27. Qxa7 Bxa4
28. Kf2 h5 29. Qxa5 Bd7 30. Qa8+ Kh7 31. Qa2 Qxa2 32. Rxa2 Be6 33. Ra4 Nd7 34.
Bc4 Bxc4 35. Rxc4 Nf8 36. Rc7 Kg8 37. Ke2 Ne6 38. Rc8+ Kh7 39. Kd3 g5 40. Kc4
Kg6 41. Kd5 g4 42. Rc6 Kf6 43. Bd2 gxf3 44. gxf3 Ke7 45. Bb4+ Kf6 46. Bc3 1-0

[Event "XXVI Torneo Abierto de Collado"]
[Site "Collado Villalba"]
[Date "2010.08.27"]
[Round "8"]
[White "Vazquez Igarza, Renier"]
[Black "Sanchez Jerez, Emilio Miguel"]
[Result "1-0"]
[WhiteElo "2527"]
[BlackElo "2301"]
[PlyCount "61"]
[EventDate "2010.08.20"]
[EventRounds "9"]
[EventCountry "ESP"]

1. Nf3 Nf6 2. b3 g6 3. Bb2 Bg7 4. g3 O-O 5. Bg2 c5 6. c4 Nc6 7. O-O d6 8. d4
Ne4 9. e3 Bg4 10. Qc2 Bf5 11. Qe2 Bg4 12. Qc2 Bf5 13. Qc1 a5 14. d5 Bxb2 15.
Qxb2 Nb4 16. Nh4 e6 17. dxe6 fxe6 18. Nxf5 gxf5 19. Rd1 a4 20. a3 Nc6 21. Nc3
Qf6 22. Nxa4 Ne5 23. Qe2 d5 24. f3 Nd6 25. cxd5 c4 26. Nb6 cxb3 27. f4 Ng4 28.
Nxa8 Rxa8 29. h3 Nh6 30. dxe6 Rc8 31. Rab1 1-0